Responses for Show #5708 - Wednesday, June 3, 2009

Ask Alex #19: Contestant.

Contestants

[<< previous game]

Joanna Lees, a clerical worker from Fishers, Indiana

Bryan Cothorn, a math tutor from Baltimore, Maryland

Harris Cohen, a family physician from Lower Gwynedd, Pennsylvania (whose 1-day cash winnings total $9,400)

[next game >>]

Jeopardy! Round responses

LET'S GO TO ITALY
REVOLVING RESTAURANTS
ON BOARD GAME BOARDS
THE "ANTI"-CATEGORY
MIRO, MIRO ON THE WALL
WHO'S THE FAIREST ONE OF ALL?
    $200 6
Pisa

Harris
    $200 16
The Space Needle

Joanna
    $200 11
Monopoly

Bryan
    $200 1
antiperspirant

Bryan
    $200 26
Barcelona

Joanna
    $200 17
(Bryan: Who is Sleeping Beauty?)

Snow White

HarrisBryan
    $400 7
Rome

Joanna
    $400 18
(Bryan: What is Baton Rouge?)

Honolulu

BryanJoanna
    $400 12
Risk

Harris
    $400 2
antibiotics

Harris
    $400 27
Paris

Joanna
    $400 22
Miss Universe

Harris
    $600 8
(Harris: What is Etna?)

Vesuvius

HarrisBryan
    $600 19
Atlanta

Joanna
    $800 13
Clue

Harris
    $600 3
antidepressants

Harris
    $600 28
Cincinnati

Joanna
    $600 23
Kate Hudson

Harris
    $800 9
Milan

Joanna
    $800 20
Times Square

Joanna
    $800 14
Ouija

Joanna
    $800 4
(Harris: What is anti-tank?)

anti-personnel

HarrisJoanna
    $800 29
MOMA

Bryan
    $800 24
India

Joanna
    $1000 10
Florence

Bryan
    $1000 21
Epcot

Harris
    $1000 15
Life

Bryan
    $1000 5
antithesis

Harris
    $1000 30
the Tate

Joanna
    $1000 25
Norway

Bryan

Scores at the first commercial break (after clue 15):

Harris Bryan Joanna
$2,000 $3,000 $2,800

Scores at the end of the Jeopardy! Round:

Harris Bryan Joanna
$4,200 $4,200 $7,800

Double Jeopardy! Round responses

WORLD OF LITERATURE
NBA TEAMS, LITERALLY
OLD HAT
THE WRATH OF GRAPES
2-LETTER RESPONSES
JOHNNY, TELL THEM WHAT THEY'VE WON
    $400 3
Moscow

Harris
    $400 21
Spurs

Bryan
    $400 9
Marie Antoinette

Bryan
    $400 10
the brain

Joanna
    $400 19
PG

Harris
    $400 26
John Adams

Joanna
    $800 5
(Jules) Verne

Joanna
    $800 20
Raptors

Harris
    $800 15
Jacqueline Kennedy

Joanna
    $800 11
the liver

Joanna
    $800 22
(Harris: What is private investigator?)
(Alex: [Speaking over Harris's correction] No. No.)
(Harris: What is [*]?)

PI

HarrisBryan
    $800 27
the Battle of the Bulge

Bryan
    $3,000 6
(Joanna: I have no idea.)
(Alex: Well, the uncle was Salvador Allende.
[*] is the famous author.)

Isabel Allende

Joanna
    $1200 1
the (Miami) Heat

Harris
    $1200 16
(Brian: What is a three-corners hat?)
(Alex: Yes, we'll accept that.)
[Originally ruled correct; reversed before second Daily Double at clue 23.]

three-cornered hat (tricorne)

Bryan
Triple Stumper
    $1200 12
red wine headaches

Bryan
    $4,400 23
(Bryan: What is GE?)

GM

Bryan
    $1200 28
Saudi Arabia

Triple Stumper
    $1600 7
(Joanna: Who is Goethe?)

Hermann Hesse

Joanna
Triple Stumper
    $1600 2
the (Cleveland) Cavaliers

Joanna
    $1600 17
Tom Thumb

Joanna
    $1600 13
the pituitary gland

Triple Stumper
    $1600 24
DS

Harris
    $1600 29
Carthage

Joanna
    $2000 8
Zorba the Greek

Triple Stumper
    $2000 4
the (Washington) Wizards

Bryan
    $2000 18
Braniff

Triple Stumper
    $2000 14
hydrochloric acid

Joanna
    $2000 25
XM

Harris
    $2000 30
(Joanna: What is phlogiston?)
[Johnny Gilbert applauds coming out of the round.]

oxygen

Joanna
Triple Stumper

Scores at the end of the Double Jeopardy! Round:

Harris Bryan Joanna
$9,800 $4,200 $11,200

[wagering suggestions for these scores]

Final Jeopardy! Round responses

20th CENTURY AMERICANS
(Alex: The one on the right is the famous attorney Clarence [*]. So if you get Clarence [*], or if you had gotten the other one, Clyde [*]. Bonnie and Clyde.)
BryanWho were [something crossed out]
$4,200
HarrisWho are Ford and
$1,400
JoannaWho are Howard + Broward?
$5,000
Barrow & Darrow

Final scores:

Harris Bryan Joanna
$8,400 $0 $6,200
2-day champion: $17,800 3rd place: $1,000 2nd place: $2,000

Game dynamics:

Coryat scores:

Harris Bryan Joanna
$9,600 $8,600 $14,200
16 R
(including 1 DD),
3 W
13 R,
4 W
(including 1 DD)
22 R,
3 W
(including 1 DD)

Combined Coryat: $32,400

[game clues] [game scores] [suggest correction]

Game tape date: 2009-03-03
The J! Archive is created by fans, for fans. Scraping, republication, monetization, and malicious use prohibited; this site may use cookies and collect identifying information. See terms. The Jeopardy! game show and all elements thereof, including but not limited to copyright and trademark thereto, are the property of Jeopardy Productions, Inc. and are protected under law. This website is not affiliated with, sponsored by, or operated by Jeopardy Productions, Inc. Join the discussion at JBoard.tv.